|
|
|
|
| LEADER |
00000nam a2200000Ia 4500 |
| 008 |
170316s9999 xx 000 0 und d |
| 090 |
|
|
|a 100 S-24f
|
| 100 |
|
|
|a Schlick, Moritz
|
| 245 |
|
|
|a Filosofía de la naturaleza / Moritz Schlick
|
| 260 |
|
|
|a Madrid, España
|
| 260 |
|
|
|b Encuentro
|
| 260 |
|
|
|c 2002
|
| 300 |
|
|
|a 87 páginas
|
| 650 |
|
|
|a FILOSOFÍA
|
| 650 |
|
|
|a COSMOVISIÓN PICTÓRICA
|
| 650 |
|
|
|a TEORÍA PICTÓRICA
|
| 650 |
|
|
|a MODELOS PICTÓRICOS
|
| 650 |
|
|
|a CONVENCIONALISMO
|
| 650 |
|
|
|a TEORÍA DE LA RELATIVIDAD ESPECIAL
|
| 650 |
|
|
|a CAUSALIDAD EN LA FÍSICA CLÁSICA
|
| 650 |
|
|
|a CAUSALIDAD EN LA NUEVA FÍSICA
|
| 650 |
|
|
|a PHILOSOPHY OF NATURE
|
| 999 |
|
|
|c 17587
|d 17587
|
| 040 |
|
|
|a cru BVZT
|
| 942 |
|
|
|c 15 D
|h 100 S-24f
|2 z
|